000 00420nam a22001697a 4500
999 _c4309
_d4309
003 GBCCL
005 20241126110515.0
008 180118b xxu||||| |||| 00| 0 eng d
040 _cgbc
082 _aVER 231
_bSAM
100 _aSamte, Tualkhothang
_98131
245 _aTheihlouh Pathian /
_cTualkhothang Samte
260 _bAuthor
_aTuibuang:
_c
300 _a68 p.;
_c18 cm.
650 _aGod
_93861
942 _2ddc
_cBK